Data Visualization With Microsoft Power BI (Record no. 43328)
[ view plain ]
| 000 -LEADER | |
|---|---|
| fixed length control field | 00579nam a22001937a 4500 |
| 005 - DATE AND TIME OF LATEST TRANSACTION | |
| control field | 20250421121451.0 |
| 008 - FIXED-LENGTH DATA ELEMENTS--GENERAL INFORMATION | |
| fixed length control field | 250222b |||||||| |||| 00| 0 eng d |
| 020 ## - INTERNATIONAL STANDARD BOOK NUMBER | |
| International Standard Book Number | 9789355428929 |
| 041 ## - LANGUAGE CODE | |
| Language code of text/sound track or separate title | English |
| 082 ## - DEWEY DECIMAL CLASSIFICATION NUMBER | |
| Classification number | 005.726 KOL |
| Item number | 33622 |
| 100 ## - MAIN ENTRY--PERSONAL NAME | |
| Author | Kolokolov Alex, Maxim Zelensky |
| 245 ## - TITLE STATEMENT | |
| Title | Data Visualization With Microsoft Power BI |
| Remainder of title | How to Design Savvy Dashboards |
| 250 ## - EDITION STATEMENT | |
| Edition statement | 1st |
| 260 ## - PUBLICATION, DISTRIBUTION, ETC. | |
| Place | USA |
| Publisher | O'Reilly Books |
| Publication Year | 2024 |
| 300 ## - PHYSICAL DESCRIPTION | |
| Extent | 23. cm 397. Pages |
| 365 ## - TRADE PRICE | |
| Price type code | Rs |
| Price amount | 2500 |
| 650 ## - SUBJECT ADDED ENTRY--TOPICAL TERM | |
| Subject | Microsoft Power, Business intelligence--Computer programs. |
| 942 ## - ADDED ENTRY ELEMENTS (KOHA) | |
| Koha item type | Books |
| Withdrawn status | Lost status | Source of classification or shelving scheme | Damaged status | Not for loan | Collection code | Home library | Current library | Shelving location | Accession Date | Vendor | Price | Bill number | Total Checkouts | Full call number | Barcode No | Date due | Date last seen | Date last checked out | Bill Date | Koha item type | Suggested By |
|---|---|---|---|---|---|---|---|---|---|---|---|---|---|---|---|---|---|---|---|---|---|
| Dewey Decimal Classification | Management | IMTN | IMTN | Rack 3-B | 02/22/2025 | Amazon | 2500.00 | QWWC-27008 | 4 | 005.726 KOL | 33915 | 04/07/2026 | 12/08/2025 | 12/08/2025 | 02/10/2025 | Books | Dr. Senthil Kumar (Faculty Purchase) |